00732 2200301 4500001002100000005001500021035002000036007000300056008004100059020002200100082000800122084001400130084001400144100002500158245006000183250001100243260003300254300002600287990001300313990001300326990001300339990001300352990001300365990001300378990001300391990001300404990001300417INLIS00000000000783320251223030632 a0010-0222000115ta251223 g 0 ind  a978-602-558-648-4 a821 a821 AGI m a821 AGI m0 aAgista Nidya Wardani1 aMANY A JOURNEY A POEM ANTHOLOGY /cAgista Nidya Wardani acet. 1 aYogyakarta :bTEXTIUM,c2021 a100 hlm ;c17 x 24 cm a022.5604 a022.5603 a022.5605 a022.8006 a022.8007 a022.8008 a023.4884 a023.4885 a023.4886